[Event "XLIV Memoriał Szachowy Ludwika Zamenhofa 2025, Grupa B"]
[Site "Bialystok, Poland"]
[Date "2025.12.28"]
[Round "3.15"]
[White "Ciszewski, Krzysztof"]
[Black "Gorniak, Mateusz"]
[Result "1-0"]
[TimeControl "90'+30\""]
[WhiteElo "2091"]
[BlackElo "1746"]

1. d4 {[%clk 01:25:25]} {[%emt 00:05:27]} Nf6 {[%clk 01:30:52]} {[%emt
00:00:15]} 2. c4 {[%clk 01:25:39]} {[%emt 00:00:17]} e6 {[%clk 01:31:10]}
{[%emt 00:00:13]} 3. Nc3 {[%clk 01:25:16]} {[%emt 00:00:52]} d5 {[%clk
01:31:24]} {[%emt 00:00:15]} 4. cxd5 {[%clk 01:25:32]} {[%emt 00:00:14]} exd5
{[%clk 01:31:46]} {[%emt 00:00:09]} 5. Bg5 {[%clk 01:25:57]} {[%emt 00:00:05]}
c6 {[%clk 01:31:37]} {[%emt 00:00:39]} 6. e3 {[%clk 01:26:21]} {[%emt
00:00:06]} Nbd7 {[%clk 01:31:15]} {[%emt 00:00:52]} 7. Bd3 {[%clk 01:26:38]}
{[%emt 00:00:13]} Bb4 {[%clk 01:31:27]} {[%emt 00:00:17]} 8. Nge2 {[%clk
01:26:10]} {[%emt 00:00:58]} O-O {[%clk 01:31:39]} {[%emt 00:00:19]} 9. O-O
{[%clk 01:26:02]} {[%emt 00:00:37]} Re8 {[%clk 01:31:51]} {[%emt 00:00:18]} 10.
Qc2 {[%clk 01:25:26]} {[%emt 00:01:06]} g6 {[%clk 01:31:56]} {[%emt 00:00:26]}
11. f3 {[%clk 01:21:31]} {[%emt 00:04:25]} Bf8 {[%clk 01:30:54]} {[%emt
00:01:31]} 12. e4 {[%clk 01:19:16]} {[%emt 00:02:46]} Be7 {[%clk 01:25:54]}
{[%emt 00:05:30]} 13. e5 {[%clk 01:16:45]} {[%emt 00:03:01]} Nh5 {[%clk
01:26:09]} {[%emt 00:00:15]} 14. Bxe7 {[%clk 01:16:24]} {[%emt 00:00:50]} Qxe7
{[%clk 01:25:44]} {[%emt 00:00:54]} 15. f4 {[%clk 01:15:47]} {[%emt 00:01:08]}
f6 {[%clk 01:20:15]} {[%emt 00:05:59]} 16. exf6 {[%clk 01:10:55]} {[%emt
00:05:23]} Ndxf6 {[%clk 01:20:12]} {[%emt 00:00:33]} 17. h3 {[%clk 01:06:00]}
{[%emt 00:05:24]} Ng7 {[%clk 01:16:18]} {[%emt 00:04:25]} 18. Ng3 {[%clk
01:01:22]} {[%emt 00:05:07]} Qd6 {[%clk 01:15:29]} {[%emt 00:01:18]} 19. Rf3
{[%clk 00:56:41]} {[%emt 00:05:11]} Bd7 {[%clk 01:12:24]} {[%emt 00:03:36]} 20.
Raf1 {[%clk 00:51:55]} {[%emt 00:05:16]} Re7 {[%clk 01:11:56]} {[%emt
00:00:57]} 21. f5 {[%clk 00:47:58]} {[%emt 00:04:28]} g5 {[%clk 01:11:40]}
{[%emt 00:00:46]} 22. Qb3 {[%clk 00:47:24]} {[%emt 00:01:04]} Kh8 {[%clk
01:09:40]} {[%emt 00:02:28]} 23. Qxb7 {[%clk 00:46:06]} {[%emt 00:01:49]} Rb8
{[%clk 01:09:49]} {[%emt 00:00:20]} 24. Qxa7 {[%clk 00:46:07]} {[%emt
00:00:30]} Rxb2 {[%clk 01:09:41]} {[%emt 00:00:37]} 25. Qc5 {[%clk 00:40:36]}
{[%emt 00:06:02]} Qxc5 {[%clk 01:04:21]} {[%emt 00:05:50]} 26. dxc5 {[%clk
00:38:50]} {[%emt 00:02:16]} Be8 {[%clk 01:03:18]} {[%emt 00:01:33]} 27. R3f2
{[%clk 00:30:03]} {[%emt 00:09:17]} Rb4 {[%clk 01:02:12]} {[%emt 00:01:36]} 28.
Re2 {[%clk 00:28:52]} {[%emt 00:01:41]} Rxe2 {[%clk 01:01:35]} {[%emt
00:01:07]} 29. Ngxe2 {[%clk 00:28:51]} {[%emt 00:00:32]} Ngh5 {[%clk 01:01:08]}
{[%emt 00:00:57]} 30. g4 {[%clk 00:26:39]} {[%emt 00:02:41]} Ng7 {[%clk
01:01:14]} {[%emt 00:00:24]} 31. Rb1 {[%clk 00:26:41]} {[%emt 00:00:28]} Rxb1+
{[%clk 01:01:22]} {[%emt 00:00:22]} 32. Bxb1 {[%clk 00:26:54]} {[%emt
00:00:18]} Nd7 {[%clk 01:01:38]} {[%emt 00:00:13]} 33. Na4 {[%clk 00:27:06]}
{[%emt 00:00:18]} Ne5 {[%clk 01:01:09]} {[%emt 00:00:58]} 34. Nd4 {[%clk
00:27:11]} {[%emt 00:00:26]} Bf7 {[%clk 00:59:40]} {[%emt 00:02:00]} 35. Nb6
{[%clk 00:21:54]} {[%emt 00:05:47]} Ne8 {[%clk 00:59:15]} {[%emt 00:00:54]} 36.
Bc2 {[%clk 00:19:24]} {[%emt 00:03:01]} Nc7 {[%clk 00:57:31]} {[%emt 00:02:13]}
37. Ba4 {[%clk 00:17:27]} {[%emt 00:02:28]} Be8 {[%clk 00:57:13]} {[%emt
00:00:47]} 38. Bd1 {[%clk 00:17:11]} {[%emt 00:00:46]} Nd3 {[%clk 00:56:35]}
{[%emt 00:01:07]} 39. Na4 {[%clk 00:17:02]} {[%emt 00:00:39]} Kg7 {[%clk
00:55:32]} {[%emt 00:01:32]} 40. Be2 {[%clk 00:16:26]} {[%emt 00:01:07]} Nc1
{[%clk 00:53:46]} {[%emt 00:02:16]} 41. Nc3 {[%clk 00:15:42]} {[%emt 00:01:14]}
Nxe2+ {[%clk 00:53:36]} {[%emt 00:00:40]} 42. Ncxe2 {[%clk 00:16:07]} {[%emt
00:00:06]} Kf6 {[%clk 00:53:41]} {[%emt 00:00:24]} 43. Kf2 {[%clk 00:16:29]}
{[%emt 00:00:08]} Bd7 {[%clk 00:53:03]} {[%emt 00:01:08]} 44. Ke3 {[%clk
00:15:20]} {[%emt 00:01:39]} Na6 {[%clk 00:52:58]} {[%emt 00:00:36]} 45. Nb3
{[%clk 00:15:43]} {[%emt 00:00:07]} Ke5 {[%clk 00:49:57]} {[%emt 00:03:30]} 46.
Ned4 {[%clk 00:15:38]} {[%emt 00:00:35]} Nc7 {[%clk 00:47:40]} {[%emt
00:02:46]} 47. Na5 {[%clk 00:15:29]} {[%emt 00:00:40]} Na6 {[%clk 00:47:26]}
{[%emt 00:00:44]} 48. Ndxc6+ {[%clk 00:15:40]} {[%emt 00:00:20]} Kf6 {[%clk
00:47:32]} {[%emt 00:00:24]} 49. Kd4 {[%clk 00:16:01]} {[%emt 00:00:09]} Nc7
{[%clk 00:42:39]} {[%emt 00:05:21]} 50. Nb4 {[%clk 00:16:11]} {[%emt 00:00:21]}
h5 {[%clk 00:40:48]} {[%emt 00:02:21]} 51. Nxd5+ {[%clk 00:16:19]} {[%emt
00:00:22]} Nxd5 {[%clk 00:41:03]} {[%emt 00:00:15]} 52. Kxd5 {[%clk 00:16:43]}
{[%emt 00:00:06]} Bxf5 {[%clk 00:33:59]} {[%emt 00:07:34]} 53. gxf5 {[%clk
00:17:08]} {[%emt 00:00:06]} g4 {[%clk 00:33:44]} {[%emt 00:00:44]} 54. hxg4
{[%clk 00:17:34]} {[%emt 00:00:05]} h4 {[%clk 00:34:04]} {[%emt 00:00:09]} 55.
Ke4 {[%clk 00:18:01]} {[%emt 00:00:03]} 1-0

[Event "XLIV Memoriał Szachowy Ludwika Zamenhofa 2025, Grupa B"]
[Site "Bialystok, Poland"]
[Date "2025.12.28"]
[Round "3.16"]
[White "Daniel, Damian"]
[Black "Zalewski, Witold"]
[Result "1/2-1/2"]
[TimeControl "90'+30\""]
[WhiteElo "2150"]
[BlackElo "1834"]

1. d4 {[%clk 01:30:54]} {[%emt 00:00:05]} Nf6 {[%clk 01:30:53]} {[%emt
00:00:08]} 2. Bg5 {[%clk 01:31:08]} {[%emt 00:00:16]} Ne4 {[%clk 01:31:17]}
{[%emt 00:00:06]} 3. Bf4 {[%clk 01:31:25]} {[%emt 00:00:12]} c5 {[%clk
01:30:23]} {[%emt 00:01:25]} 4. f3 {[%clk 01:30:48]} {[%emt 00:01:07]} Nf6
{[%clk 01:29:42]} {[%emt 00:01:10]} 5. dxc5 {[%clk 01:29:54]} {[%emt 00:01:25]}
Qa5+ {[%clk 01:23:37]} {[%emt 00:06:34]} 6. Qd2 {[%clk 01:30:06]} {[%emt
00:00:18]} Qxc5 {[%clk 01:22:42]} {[%emt 00:01:26]} 7. e4 {[%clk 01:30:03]}
{[%emt 00:00:32]} Nc6 {[%clk 01:20:01]} {[%emt 00:03:12]} 8. Nc3 {[%clk
01:29:56]} {[%emt 00:00:36]} e5 {[%clk 00:58:45]} {[%emt 00:21:47]} 9. Be3
{[%clk 01:22:06]} {[%emt 00:08:20]} Qa5 {[%clk 00:58:40]} {[%emt 00:00:34]} 10.
Bc4 {[%clk 01:08:03]} {[%emt 00:14:33]} Bb4 {[%clk 00:47:11]} {[%emt 00:11:59]}
11. Nge2 {[%clk 01:06:30]} {[%emt 00:02:03]} d6 {[%clk 00:46:08]} {[%emt
00:01:33]} 12. a3 {[%clk 00:55:29]} {[%emt 00:11:31]} Be6 {[%clk 00:37:02]}
{[%emt 00:09:36]} 13. Bxe6 {[%clk 00:45:28]} {[%emt 00:10:31]} fxe6 {[%clk
00:37:25]} {[%emt 00:00:08]} 14. Rd1 {[%clk 00:45:22]} {[%emt 00:00:36]} Bxc3
{[%clk 00:32:18]} {[%emt 00:05:36]} 15. Nxc3 {[%clk 00:40:08]} {[%emt
00:05:43]} Rd8 {[%clk 00:32:08]} {[%emt 00:00:41]} 16. O-O {[%clk 00:31:56]}
{[%emt 00:08:42]} d5 {[%clk 00:29:11]} {[%emt 00:03:27]} 17. exd5 {[%clk
00:27:16]} {[%emt 00:05:10]} exd5 {[%clk 00:29:08]} {[%emt 00:00:33]} 18. Bg5
{[%clk 00:21:13]} {[%emt 00:06:33]} d4 {[%clk 00:27:34]} {[%emt 00:02:04]} 19.
Ne2 {[%clk 00:21:03]} {[%emt 00:00:40]} Qxd2 {[%clk 00:25:41]} {[%emt
00:02:23]} 20. Rxd2 {[%clk 00:21:20]} {[%emt 00:00:14]} h6 {[%clk 00:25:17]}
{[%emt 00:00:53]} 21. Bh4 {[%clk 00:19:55]} {[%emt 00:01:55]} g5 {[%clk
00:25:38]} {[%emt 00:00:09]} 22. Bf2 {[%clk 00:17:30]} {[%emt 00:02:55]} Na5
{[%clk 00:23:42]} {[%emt 00:02:26]} 23. Nc1 {[%clk 00:15:04]} {[%emt 00:02:56]}
Kf7 {[%clk 00:21:01]} {[%emt 00:03:10]} 24. Re2 {[%clk 00:14:38]} {[%emt
00:00:57]} Rhe8 {[%clk 00:21:10]} {[%emt 00:00:21]} 25. Rfe1 {[%clk 00:14:39]}
{[%emt 00:00:29]} Rd5 {[%clk 00:19:41]} {[%emt 00:01:59]} 26. Nd3 {[%clk
00:13:16]} {[%emt 00:01:53]} Nc6 {[%clk 00:13:30]} {[%emt 00:06:41]} 27. Bg3
{[%clk 00:12:30]} {[%emt 00:01:16]} Nd7 {[%clk 00:13:37]} {[%emt 00:00:22]} 28.
f4 {[%clk 00:09:02]} {[%emt 00:03:59]} gxf4 {[%clk 00:13:49]} {[%emt 00:00:19]}
29. Bxf4 {[%clk 00:09:24]} {[%emt 00:00:07]} h5 {[%clk 00:13:07]} {[%emt
00:01:11]} 30. Bg3 {[%clk 00:09:07]} {[%emt 00:00:48]} Kg6 {[%clk 00:09:36]}
{[%emt 00:04:01]} 31. h3 {[%clk 00:05:09]} {[%emt 00:04:28]} Kg5 {[%clk
00:07:29]} {[%emt 00:02:37]} 32. Bh2 {[%clk 00:03:01]} {[%emt 00:02:38]} h4
{[%clk 00:06:06]} {[%emt 00:01:53]} 33. g3 {[%clk 00:02:04]} {[%emt 00:01:27]}
hxg3 {[%clk 00:06:03]} {[%emt 00:00:34]} 34. Bxg3 {[%clk 00:02:33]} Kf5 {[%clk
00:05:53]} {[%emt 00:00:40]} 35. Rf1+ {[%clk 00:02:24]} {[%emt 00:00:38]} Kg5
{[%clk 00:05:33]} {[%emt 00:00:50]} 36. Re4 {[%clk 00:02:14]} {[%emt 00:00:42]}
Nc5 {[%clk 00:03:37]} {[%emt 00:02:26]} 37. Rg4+ {[%clk 00:02:22]} {[%emt
00:00:21]} Kh6 {[%clk 00:03:15]} {[%emt 00:00:52]} 38. Rf6+ {[%clk 00:02:19]}
{[%emt 00:00:33]} Kh7 {[%clk 00:03:00]} {[%emt 00:00:45]} 39. Rf5 {[%clk
00:01:31]} {[%emt 00:01:19]} Re6 {[%clk 00:02:35]} {[%emt 00:00:55]} 40. Rf7+
{[%clk 00:01:07]} {[%emt 00:00:53]} Kh6 {[%clk 00:02:32]} {[%emt 00:00:33]} 41.
Nxe5 {[%clk 00:00:38]} {[%emt 00:01:00]} Rexe5 {[%clk 00:01:29]} {[%emt
00:01:32]} 42. Bf4+ {[%clk 00:00:52]} {[%emt 00:00:16]} Rg5 {[%clk 00:01:46]}
{[%emt 00:00:13]} 43. Rf6+ {[%clk 00:00:39]} {[%emt 00:00:44]} Kh5 {[%clk
00:01:43]} {[%emt 00:00:32]} 44. Kh2 {[%clk 00:00:45]} {[%emt 00:00:23]} Ne4
{[%clk 00:01:02]} {[%emt 00:01:11]} 45. Bxg5 {[%clk 00:00:53]} {[%emt
00:00:22]} Nxg5 {[%clk 00:01:23]} {[%emt 00:00:10]} 46. Kg3 {[%clk 00:01:11]}
{[%emt 00:00:12]} Nh7 {[%clk 00:00:43]} {[%emt 00:01:10]} 47. Rf7 {[%clk
00:01:25]} {[%emt 00:00:16]} Ng5 {[%clk 00:00:43]} {[%emt 00:00:30]} 48. Rf6
{[%clk 00:01:48]} {[%emt 00:00:07]} Nh7 {[%clk 00:01:08]} {[%emt 00:00:05]} 49.
Rf7 {[%clk 00:01:07]} {[%emt 00:01:11]} Ng5 {[%clk 00:01:32]} {[%emt 00:00:06]}
50. Rf6 {[%clk 00:00:45]} {[%emt 00:00:52]} 1/2-1/2

[Event "XLIV Memoriał Szachowy Ludwika Zamenhofa 2025, Grupa B"]
[Site "Bialystok, Poland"]
[Date "2025.12.28"]
[Round "3.17"]
[White "Krynicki, Filip"]
[Black "Jakubowska, Anna"]
[Result "0-1"]
[TimeControl "90'+30\""]
[WhiteElo "1827"]
[BlackElo "2139"]

1. e4 {[%clk 01:30:58]} {[%emt 00:00:02]} e5 {[%clk 01:30:54]} {[%emt
00:00:06]} 2. Nf3 {[%clk 01:31:09]} {[%emt 00:00:19]} Nc6 {[%clk 01:31:17]}
{[%emt 00:00:07]} 3. Bc4 {[%clk 01:31:26]} {[%emt 00:00:12]} Nf6 {[%clk
01:31:37]} {[%emt 00:00:11]} 4. Ng5 {[%clk 01:30:43]} {[%emt 00:01:12]} d5
{[%clk 01:31:59]} {[%emt 00:00:08]} 5. exd5 {[%clk 01:31:10]} {[%emt 00:00:03]}
b5 {[%clk 01:32:24]} {[%emt 00:00:06]} 6. Bxb5 {[%clk 01:21:11]} {[%emt
00:10:28]} Qxd5 {[%clk 01:32:43]} {[%emt 00:00:11]} 7. Nc3 {[%clk 01:21:22]}
{[%emt 00:00:19]} Qxg2 {[%clk 01:33:05]} {[%emt 00:00:09]} 8. Qf3 {[%clk
01:21:34]} {[%emt 00:00:18]} Qxf3 {[%clk 01:26:14]} {[%emt 00:07:21]} 9. Nxf3
{[%clk 01:22:02]} {[%emt 00:00:02]} Bd7 {[%clk 01:26:38]} {[%emt 00:00:05]} 10.
Rg1 {[%clk 01:10:46]} {[%emt 00:11:46]} O-O-O {[%clk 00:55:35]} {[%emt
00:31:34]} 11. Bxc6 {[%clk 00:58:59]} {[%emt 00:12:17]} Bxc6 {[%clk 00:55:59]}
{[%emt 00:00:06]} 12. Nxe5 {[%clk 00:59:26]} {[%emt 00:00:03]} Re8 {[%clk
00:56:00]} {[%emt 00:00:29]} 13. d4 {[%clk 00:59:51]} {[%emt 00:00:05]} Nd7
{[%clk 00:55:24]} {[%emt 00:01:05]} 14. Be3 {[%clk 01:00:16]} {[%emt 00:00:05]}
Nxe5 {[%clk 00:54:38]} {[%emt 00:01:15]} 15. dxe5 {[%clk 01:00:44]} {[%emt
00:00:03]} Rxe5 {[%clk 00:47:16]} {[%emt 00:07:53]} 16. O-O-O {[%clk 01:00:52]}
{[%emt 00:00:20]} Rg8 {[%clk 00:47:07]} {[%emt 00:00:39]} 17. Bxa7 {[%clk
00:59:41]} {[%emt 00:01:42]} Rh5 {[%clk 00:47:00]} {[%emt 00:00:37]} 18. Bd4
{[%clk 00:37:08]} {[%emt 00:23:03]} Rxh2 {[%clk 00:46:00]} {[%emt 00:01:30]} 19.
Rd3 {[%clk 00:30:40]} {[%emt 00:06:59]} h5 {[%clk 00:38:17]} {[%emt 00:08:13]}
20. Rgg3 {[%clk 00:28:37]} {[%emt 00:02:33]} h4 {[%clk 00:30:39]} {[%emt
00:08:08]} 21. Rh3 {[%clk 00:28:58]} {[%emt 00:00:07]} Rxh3 {[%clk 00:30:26]}
{[%emt 00:00:44]} 22. Rxh3 {[%clk 00:29:26]} {[%emt 00:00:02]} g5 {[%clk
00:30:11]} {[%emt 00:00:45]} 23. f3 {[%clk 00:28:30]} {[%emt 00:01:25]} f5
{[%clk 00:27:24]} {[%emt 00:03:18]} 24. Ne2 {[%clk 00:23:17]} {[%emt 00:05:43]}
Be7 {[%clk 00:25:40]} {[%emt 00:02:13]} 25. f4 {[%clk 00:17:46]} {[%emt
00:06:02]} Bg2 {[%clk 00:21:10]} {[%emt 00:05:00]} 26. Re3 {[%clk 00:16:11]}
{[%emt 00:02:05]} Bd6 {[%clk 00:20:21]} {[%emt 00:01:19]} 27. Re6 {[%clk
00:14:02]} {[%emt 00:02:40]} gxf4 {[%clk 00:18:25]} {[%emt 00:02:26]} 28. Ng1
{[%clk 00:12:33]} {[%emt 00:01:58]} f3 {[%clk 00:17:23]} {[%emt 00:01:32]} 29.
Rh6 {[%clk 00:08:59]} {[%emt 00:04:04]} Bf4+ {[%clk 00:17:46]} {[%emt
00:00:07]} 0-1

[Event "XLIV Memoriał Szachowy Ludwika Zamenhofa 2025, Grupa B"]
[Site "Bialystok, Poland"]
[Date "2025.12.28"]
[Round "3.18"]
[White "Wons, Krystian"]
[Black "Maciejewski, Kamil"]
[Result "1/2-1/2"]
[TimeControl "90'+30\""]
[WhiteElo "1807"]
[BlackElo "2036"]

1. d4 {[%clk 01:30:57]} {[%emt 00:00:02]} Nf6 {[%clk 01:30:49]} {[%emt
00:00:12]} 2. c4 {[%clk 01:31:20]} {[%emt 00:00:07]} e6 {[%clk 01:31:10]}
{[%emt 00:00:08]} 3. a3 {[%clk 01:31:41]} {[%emt 00:00:09]} b6 {[%clk
01:31:28]} {[%emt 00:00:12]} 4. Nc3 {[%clk 01:32:03]} {[%emt 00:00:07]} Bb7
{[%clk 01:31:43]} {[%emt 00:00:16]} 5. d5 {[%clk 01:32:08]} {[%emt 00:00:25]}
Bd6 {[%clk 01:30:45]} {[%emt 00:01:28]} 6. e4 {[%clk 01:30:55]} {[%emt
00:01:43]} O-O {[%clk 01:30:48]} {[%emt 00:00:28]} 7. Nf3 {[%clk 01:25:41]}
{[%emt 00:05:43]} exd5 {[%clk 01:29:02]} {[%emt 00:02:17]} 8. exd5 {[%clk
01:24:59]} {[%emt 00:01:12]} Re8+ {[%clk 01:27:15]} {[%emt 00:02:17]} 9. Be2
{[%clk 01:25:13]} {[%emt 00:00:16]} Na6 {[%clk 01:22:29]} {[%emt 00:05:17]} 10.
O-O {[%clk 01:21:22]} {[%emt 00:04:20]} Nc5 {[%clk 01:19:58]} {[%emt 00:03:02]}
11. b4 {[%clk 01:20:15]} {[%emt 00:01:36]} Nce4 {[%clk 01:15:21]} {[%emt
00:05:07]} 12. Nxe4 {[%clk 01:18:03]} {[%emt 00:02:43]} Nxe4 {[%clk 01:14:19]}
{[%emt 00:01:32]} 13. Bb2 {[%clk 01:17:44]} {[%emt 00:00:49]} c5 {[%clk
00:42:11]} {[%emt 00:32:38]} 14. b5 {[%clk 01:08:48]} {[%emt 00:09:26]} Ng5
{[%clk 00:35:05]} {[%emt 00:07:36]} 15. Bd3 {[%clk 01:01:24]} {[%emt 00:07:54]}
g6 {[%clk 00:21:12]} {[%emt 00:14:23]} 16. Nd2 {[%clk 00:39:46]} {[%emt
00:22:07]} f5 {[%clk 00:20:17]} {[%emt 00:01:25]} 17. f4 {[%clk 00:24:47]}
{[%emt 00:15:29]} Qe7 {[%clk 00:12:20]} {[%emt 00:08:27]} 18. fxg5 {[%clk
00:04:53]} {[%emt 00:20:25]} Qe3+ {[%clk 00:12:41]} {[%emt 00:00:09]} 19. Rf2
{[%clk 00:04:05]} {[%emt 00:01:17]} Qxd3 {[%clk 00:12:18]} {[%emt 00:00:54]} 20.
Qf1 {[%clk 00:03:05]} {[%emt 00:01:29]} Qxf1+ {[%clk 00:07:31]} {[%emt
00:05:18]} 21. Raxf1 {[%clk 00:03:20]} {[%emt 00:00:15]} Re3 {[%clk 00:04:37]}
{[%emt 00:03:24]} 22. g3 {[%clk 00:01:03]} {[%emt 00:02:46]} Rae8 {[%clk
00:04:12]} {[%emt 00:00:55]} 23. Rf3 {[%clk 00:00:58]} {[%emt 00:00:35]} Re2
{[%clk 00:03:10]} {[%emt 00:01:32]} 24. R1f2 {[%clk 00:00:42]} {[%emt
00:00:46]} Re1+ {[%clk 00:02:44]} {[%emt 00:00:56]} 25. Rf1 {[%clk 00:00:54]}
{[%emt 00:00:18]} R1e2 {[%clk 00:00:54]} {[%emt 00:02:20]} 26. R1f2 {[%clk
00:01:11]} {[%emt 00:00:13]} Bf8 {[%clk 00:00:40]} {[%emt 00:00:44]} 27. Rxe2
{[%clk 00:01:08]} {[%emt 00:00:33]} Rxe2 {[%clk 00:01:06]} {[%emt 00:00:04]} 28.
Rf2 {[%clk 00:01:16]} {[%emt 00:00:21]} Re1+ {[%clk 00:00:38]} {[%emt
00:01:00]} 29. Rf1 {[%clk 00:01:37]} {[%emt 00:00:08]} Rxf1+ {[%clk 00:00:39]}
{[%emt 00:00:29]} 30. Kxf1 {[%clk 00:01:56]} {[%emt 00:00:11]} Be7 {[%clk
00:00:37]} {[%emt 00:00:33]} 31. Nf3 {[%clk 00:02:01]} {[%emt 00:00:24]} d6
{[%clk 00:00:57]} {[%emt 00:00:10]} 32. Bc1 {[%clk 00:01:23]} {[%emt 00:01:07]}
Kf7 {[%clk 00:00:51]} {[%emt 00:00:38]} 33. Kf2 {[%clk 00:01:44]} {[%emt
00:00:08]} Bf8 {[%clk 00:00:37]} {[%emt 00:00:45]} 34. Bb2 {[%clk 00:01:58]}
{[%emt 00:00:15]} h6 {[%emt 00:00:39]} 35. h4 {[%clk 00:01:41]} {[%emt
00:00:45]} h5 {[%clk 00:00:37]} {[%emt 00:00:24]} 36. Ke3 {[%clk 00:01:39]}
{[%emt 00:00:31]} Bc8 {[%clk 00:00:37]} {[%emt 00:00:31]} 37. Ne1 {[%clk
00:00:59]} {[%emt 00:01:09]} Be7 {[%clk 00:00:44]} {[%emt 00:00:24]} 38. Nd3
{[%clk 00:01:14]} {[%emt 00:00:14]} Bd7 {[%clk 00:00:35]} {[%emt 00:00:39]} 39.
Nf4 {[%clk 00:01:24]} {[%emt 00:00:20]} Bc8 {[%clk 00:00:49]} {[%emt 00:00:16]}
40. a4 {[%clk 00:01:43]} {[%emt 00:00:12]} Bd8 {[%clk 00:00:34]} {[%emt
00:00:45]} 41. Bc3 {[%clk 00:01:48]} {[%emt 00:00:24]} Bd7 {[%clk 00:00:32]}
{[%emt 00:00:33]} 42. Kd3 {[%clk 00:02:06]} {[%emt 00:00:12]} Bc8 {[%clk
00:00:47]} {[%emt 00:00:15]} 43. Kc2 {[%clk 00:02:23]} {[%emt 00:00:12]} Bd7
{[%clk 00:00:49]} {[%emt 00:00:28]} 44. Kb3 {[%clk 00:02:40]} {[%emt 00:00:14]}
Bc8 {[%clk 00:00:56]} {[%emt 00:00:23]} 45. a5 {[%clk 00:01:54]} {[%emt
00:01:16]} Bd7 {[%clk 00:00:49]} {[%emt 00:00:37]} 46. axb6 {[%clk 00:02:09]}
{[%emt 00:00:15]} axb6 {[%clk 00:01:05]} {[%emt 00:00:14]} 47. Kc2 {[%clk
00:02:04]} {[%emt 00:00:34]} Bc8 {[%clk 00:00:49]} {[%emt 00:00:46]} 48. Kd3
{[%clk 00:02:27]} {[%emt 00:00:07]} Bd7 {[%clk 00:01:07]} {[%emt 00:00:13]} 49.
Ke3 {[%clk 00:02:49]} {[%emt 00:00:07]} Bc8 {[%clk 00:01:05]} {[%emt 00:00:33]}
50. Nd3 {[%clk 00:02:51]} {[%emt 00:00:28]} Bd7 {[%clk 00:00:41]} {[%emt
00:00:55]} 51. Kf4 {[%clk 00:02:45]} {[%emt 00:00:34]} Bc7 {[%clk 00:00:46]}
{[%emt 00:00:27]} 52. Bf6 {[%clk 00:03:00]} {[%emt 00:00:15]} Bc8 {[%clk
00:00:56]} {[%emt 00:00:20]} 53. Ke3 {[%clk 00:03:12]} {[%emt 00:00:18]} Bd7
{[%clk 00:01:17]} {[%emt 00:00:10]} 54. Nb2 {[%clk 00:02:37]} {[%emt 00:01:04]}
Bc8 {[%clk 00:01:31]} {[%emt 00:00:17]} 55. Na4 {[%clk 00:02:55]} {[%emt
00:00:12]} Bd7 {[%clk 00:01:31]} {[%emt 00:00:30]} 56. Bc3 {[%clk 00:02:38]}
{[%emt 00:00:46]} 1/2-1/2